[Event "8th ch-Euro w"]
[Site "Dresden GER"]
[Date "2007.04.05"]
[Round "3"]
[White "Shukurova,M"]
[Black "Chelushkina,I"]
[Result "1/2-1/2"]
[WhiteElo "2220"]
[BlackElo "2338"]
[EventDate "2007.04.03"]

1. d4 Nf6 2. Bg5 d5 3. Bxf6 exf6 4. e3 Bd6 5. Nf3 Nc6 6. c3 Ne7 7. Bd3 c6
8. Nbd2 a5 9. a4 Bd7 10. O-O O-O 11. Qc2 h6 12. c4 Bc7 13. b3 Bg4 14. Rfb1
Rc8 15. c5 b6 16. b4 axb4 17. Rxb4 Ra8 18. Rab1 bxc5 19. dxc5 Bc8 20. Nb3
Qe8 21. Nbd4 Ng6 22. Bf5 Ba6 23. Bd3 Bc8 24. Bf5 Ba6 25. Bd3 Bxd3 26. Qxd3
Ne5 27. Qf5 Nxf3+ 28. Qxf3 Ra7 29. g3 Be5 30. Nf5 g6 31. Nxh6+ Kg7 32. Ng4
Qe7 33. Nxe5 fxe5 34. Qe2 Qxc5 35. Qb2 Qe7 36. f4 c5 37. Rb5 Rxa4 38. fxe5
Kh7 39. Rf1 d4 40. exd4 Rxd4 41. Rb7 Qe6 42. Qf2 Kg8 43. Rc7 Qd5 44. e6
Qxe6 45. Rxc5 Rd5 46. Rc2 Re5 47. Qa7 Re1 48. Rcf2 Rxf1+ 49. Rxf1 Rd8 50.
Qf2 Re8 51. Rc1 Qg4 52. Re1 Rc8 53. Qe2 Qf5 54. Qf2 Qxf2+ 1/2-1/2

[Event "8th ch-Euro w"]
[Site "Dresden GER"]
[Date "2007.04.05"]
[Round "3"]
[White "Levushkina,E"]
[Black "Rudolph,A"]
[Result "1/2-1/2"]
[WhiteElo "2327"]
[BlackElo "2187"]
[EventDate "2007.04.03"]

1. e4 c5 2. Nf3 e6 3. b3 b6 4. d4 cxd4 5. Nxd4 Bb7 6. Nb5 d5 7. exd5 a6 8.
N5c3 exd5 9. Bd3 Nf6 10. O-O Be7 11. Ne2 O-O 12. Bb2 Nbd7 13. Nd4 Re8 14.
Re1 Nc5 15. Bf1 Qd7 16. Nd2 Bd6 17. Qf3 Nce4 18. Red1 Ng4 19. g3 Nexf2 20.
Re1 Ne4 21. Red1 Ne5 22. Qg2 Bc5 23. N2f3 Nxf3+ 24. Qxf3 Qd6 25. Bg2 Qf6
26. Rd3 Qxf3 27. Rxf3 f6 28. a3 a5 29. Bf1 Nd2 30. Rf2 Nxf1 31. Kxf1 Re4
32. Rd1 Rae8 33. Rfd2 h5 34. Kg2 Kh7 35. Rf1 Kg6 36. c3 Re1 37. Rxe1 Rxe1
38. Kf2 Re4 39. b4 axb4 40. axb4 Bd6 41. Nc2 h4 42. Rd3 hxg3+ 43. hxg3 Re8
44. Bc1 Rh8 45. Nd4 Rh2+ 46. Kf3 Ba6 47. b5 Bc8 48. Be3 Kh5 49. Bf2 Bg4+
50. Ke3 Bc5 51. Rd2 Bd7 52. Rb2 Kg4 53. Ke2 g6 54. Ke3 f5 55. Ke2 g5 56.
Kf1 Rh8 57. Rd2 Ra8 58. Nc6 Bxc6 59. bxc6 Rc8 60. Bxc5 bxc5 61. Rxd5 Rxc6
62. Kf2 Rc8 63. Kg2 f4 64. gxf4 Kxf4 65. Kf2 Rc7 66. Kg2 Rc6 67. Kf2 g4 68.
Rd8 g3+ 69. Kg2 Rg6 70. Re8 Rg5 71. Re7 Re5 72. Rf7+ Ke3 73. Kxg3 Kd2 74.
Kf4 Rh5 75. c4 Kd3 76. Rd7+ Kxc4 77. Ke3 Rh2 78. Rc7 Rg2 79. Rc8 Kb4 80.
Kd3 Rg3+ 81. Kc2 Kc4 82. Kd2 Rg2+ 83. Ke3 Rg3+ 84. Kd2 Ra3 85. Rc7 Ra2+ 86.
Ke3 Kb4 87. Kd3 Ra3+ 88. Kd2 Kc4 89. Rc8 Ra2+ 90. Ke3 Kb4 91. Kd3 Ra7 92.
Rb8+ 1/2-1/2

[Event "8th ch-Euro w"]
[Site "Dresden GER"]
[Date "2007.04.07"]
[Round "5"]
[White "Shukurova,M"]
[Black "Dworakowska,J"]
[Result "0-1"]
[WhiteElo "2220"]
[BlackElo "2376"]
[EventDate "2007.04.03"]

1. d4 d5 2. Nf3 c6 3. Bf4 Qb6 4. b3 Nf6 5. e3 Bf5 6. c3 Nbd7 7. a4 a5 8.
Be2 h6 9. Ne5 e6 10. Nd2 Be7 11. h4 Ne4 12. Nxe4 Bxe4 13. Nxd7 Kxd7 14. f3
Bh7 15. Be5 f6 16. Bg3 g5 17. h5 Bg8 18. e4 Re8 19. Bd3 Bd6 20. Bf2 Bf7 21.
Qc2 Kc8 22. O-O-O Kb8 23. Kb2 Qc7 24. Rde1 Rc8 25. Re2 Ka8 26. g4 e5 27.
Qd2 Rhe8 28. Qe3 c5 29. dxc5 d4 30. cxd4 exd4 31. Qc1 Bxc5 32. Rc2 Qe5 33.
Ka2 Red8 34. Rd1 Kb8 35. Bc4 Bxc4 36. Rxc4 Bb6 37. Bxd4 Bxd4 38. Rdxd4 Qxd4
39. Rxd4 Rxd4 40. Qb2 Rcd8 41. Qc3 b6 42. Qc6 R4d6 43. Qb5 Kb7 44. Qf5 Rc8
45. e5 Rd2+ 46. Kb1 Rd1+ 47. Kb2 Rd2+ 48. Kb1 fxe5 49. Qxe5 Rd1+ 50. Kb2
Rd2+ 51. Kb1 Rc7 52. f4 Rd1+ 53. Kb2 Rd2+ 54. Kb1 gxf4 55. Qxf4 Rcd7 56.
Kc1 R2d6 57. g5 hxg5 58. Qxg5 Rh7 59. b4 axb4 60. Qb5 Rc6+ 61. Kb2 Rc5 62.
Qxb4 Rhxh5 63. Qe4+ Rhd5 64. Kb3 Ka7 65. Qh7+ Ka6 66. Qg8 Kb7 67. Qf7+ Kc6
68. Qf3 Kc7 69. Qf4+ Rd6 70. Kb4 Rcd5 71. Kc4 Kb8 72. Qf8+ Rd8 73. Qf4+ Ka7
74. Qe3 Rc5+ 75. Kb4 Rdc8 76. Qd4 R8c7 77. Kb3 Rh7 78. Qd8 Rh3+ 79. Kb4 Rh7
80. Kb3 Rch5 81. Kc4 Rh4+ 82. Kb3 Rh3+ 83. Kc2 Rh2+ 84. Kd3 Ra2 85. Qe8
Rh3+ 86. Kc4 Rc2+ 87. Kb4 Rb2+ 88. Kc4 Rc2+ 89. Kb4 Rc7 90. Qe5 Rch7 91.
Qe8 R7h4+ 92. Kb5 Rb3+ 93. Kc6 Rc3+ 94. Kd5 Rc5+ 95. Kd6 Rd4+ 0-1

[Event "8th ch-Euro w"]
[Site "Dresden GER"]
[Date "2007.04.07"]
[Round "5"]
[White "Kadimova,I"]
[Black "Andriasian,S"]
[Result "1-0"]
[WhiteElo "2333"]
[BlackElo "2231"]
[EventDate "2007.04.03"]

1. d4 Nf6 2. c4 e6 3. Nc3 Bb4 4. Qc2 d5 5. cxd5 exd5 6. Bg5 c5 7. dxc5 h6
8. Bh4 g5 9. Bg3 Ne4 10. e3 Qa5 11. Be5 O-O 12. Bd3 Nc6 13. Bxe4 dxe4 14.
Bd6 Re8 15. Nge2 Bxc5 16. Bxc5 Qxc5 17. O-O Bf5 18. Rfd1 Nb4 19. Qb3 Nd3
20. Nd4 Bg6 21. Rd2 Rab8 22. a4 a5 23. Nd5 Red8 24. Nb6 Nb4 25. Nc4 Rbc8
26. Rc1 Nd3 27. Rc3 Qb4 28. Qc2 Nxb2 29. Qxb2 Rxd4 30. exd4 Rxc4 31. Rxc4
Qxc4 32. Qc2 Qb4 33. Qd1 Bh5 34. Qc2 Bg6 35. Qa2 Qc3 36. Qb2 Qc4 37. h3
Qxa4 38. Qxb7 Qa3 39. Qb2 Qd6 40. Qc3 Qd5 41. Rb2 Bf5 42. Qc5 Qe6 43. Rb6
1-0

[Event "8th ch-Euro w"]
[Site "Dresden GER"]
[Date "2007.04.07"]
[Round "5"]
[White "Sautter,E"]
[Black "Hafenstein,A"]
[Result "1-0"]
[WhiteElo "2046"]
[BlackElo "1945"]
[EventDate "2007.04.03"]

1. e4 c5 2. Nc3 d6 3. f4 Nc6 4. Nf3 a6 5. d3 g6 6. g3 Bg7 7. Bg2 e6 8. O-O
Nge7 9. Ne2 O-O 10. c3 d5 11. Be3 b6 12. Bf2 Bb7 13. e5 Qc7 14. g4 Rad8 15.
Qe1 Bc8 16. Kh1 f5 17. h3 Na7 18. Be3 a5 19. Rd1 Nac6 20. a3 Rde8 21. Rg1
Nd8 22. Qh4 Nec6 23. gxf5 exf5 24. Ng5 Bh8 25. Bxd5+ Be6 26. Nxe6 Nxe6 27.
Ng3 Bg7 28. Nf1 Re7 29. Nh2 Ncd8 30. Nf3 Nf7 31. Qf2 Qd7 32. Ba2 Rd8 33. d4
cxd4 34. cxd4 Qa4 35. Rd3 Nc5 36. Rdd1 Ne4 37. Qe2 Rc8 38. Ne1 Kf8 39. Bd5
Nd8 40. Rd3 Rec7 41. Bxe4 fxe4 42. Rd2 Qb3 43. d5 Rf7 44. Ng2 Bh6 45. Qd1
Qb5 46. Qg4 Rc5 47. Qh4 Ke8 48. Qxh6 Rf5 49. Qxh7 Kf8 50. Qxg6 Rf7 51. Nh4
Qe8 52. Qg8+ Ke7 53. Ng6+ Kd7 54. e6+ 1-0

[Event "8th ch-Euro w"]
[Site "Dresden GER"]
[Date "2007.04.08"]
[Round "6"]
[White "Rudolph,A"]
[Black "Stepovaia,T"]
[Result "1/2-1/2"]
[WhiteElo "2187"]
[BlackElo "2360"]
[EventDate "2007.04.03"]

1. e4 d6 2. d4 Nf6 3. Nc3 e5 4. dxe5 dxe5 5. Qxd8+ Kxd8 6. Bg5 Be6 7.
O-O-O+ Nbd7 8. f4 exf4 9. Nf3 h6 10. Bxf4 c6 11. Nd4 Bb4 12. e5 Nd5 13.
Nxd5 cxd5 14. Be2 a6 15. Bf3 Nb6 16. g4 Kc7 17. c3 Bc5 18. Rd3 Rad8 19.
Rhd1 Kb8 20. Nf5 g5 21. Be3 Bxe3+ 22. Nxe3 Rhe8 23. h3 Nd7 24. Bxd5 Nxe5
25. R3d2 Bxd5 26. Rxd5 Rxd5 27. Rxd5 Kc7 28. Nf5 f6 29. Kc2 Nd7 30. b4 Rh8
31. Ng7 Kc6 32. Rf5 Kd6 33. a4 Rg8 34. Nh5 Ke6 35. Kb3 Kf7 36. Rd5 Rd8 37.
c4 b6 38. a5 bxa5 39. Rxa5 Nb8 40. Rd5 Re8 41. Rd6 Re3+ 42. Ka4 Rxh3 43.
Rxf6+ Ke7 44. Rxh6 Rc3 45. c5 Rc4 46. Rb6 Nd7 47. Rxa6 Nxc5+ 48. Kb5 Rxb4+
49. Kxc5 Rxg4 50. Kd5 Rg1 51. Ra7+ Kd8 52. Nf6 g4 53. Rd7+ Kc8 54. Rg7 g3
1/2-1/2

[Event "8th EUROPEAN  INDIVIDUAL WOMEN"]
[Site "Dresden / Germany"]
[Date "2007.04.09"]
[Round "7.19"]
[White "Dembo, Yelena"]
[Black "Klinova, Masha"]
[Result "1/2-1/2"]
[WhiteElo "2470"]
[BlackElo "2330"]
[PlyCount "49"]
[EventDate "2007.04.03"]

1. e4 d6 2. d4 Nf6 3. Nc3 e5 4. dxe5 dxe5 5. Qxd8+ Kxd8 6. Bg5 c6 7. O-O-O+
Nbd7 8. f4 h6 9. Bxf6+ gxf6 10. fxe5 fxe5 11. Bc4 f6 12. Nge2 b5 13. Be6 Ke7
14. Bf5 h5 15. b4 Rg8 16. Bh3 a5 17. a3 axb4 18. axb4 Nb6 19. Bxc8 Bh6+ 20. Kb1
Rgxc8 21. Nc1 Nc4 22. Nb3 Na3+ 23. Kb2 Nc4+ 24. Kb1 Na3+ 25. Kb2 1/2-1/2